The pronunciation of English / (Record no. 6967)
[ view plain ]
| 000 -LEADER | |
|---|---|
| fixed length control field | 00744nam a2200253 a 4500 |
| 001 - CONTROL NUMBER | |
| JCCL Control Number | 6967 |
| 003 - CONTROL NUMBER IDENTIFIER | |
| JCCL marc code | UkOxU |
| 005 - DATE AND TIME OF LATEST TRANSACTION | |
| control field | 20180217190203.0 |
| 008 - FIXED-LENGTH DATA ELEMENTS--GENERAL INFORMATION | |
| fixed length control field | 880808s1950 enka 000 0 eng u |
| 035 ## - SYSTEM CONTROL NUMBER | |
| system control number | (OCoLC)19940597 |
| 040 ## - CATALOGING SOURCE | |
| Original cataloging agency | UPM |
| Modifying agency | BD-JhCC |
| 041 ## - LANGUAGE CODE | |
| Language code of Book | eng |
| 082 ## - DEWEY DECIMAL CLASSIFICATION NUMBER | |
| Classification number | 421.5 |
| Author mark and Year | JOS 1950 |
| 100 1# - MAIN ENTRY--PERSONAL NAME | |
| Personal name | Jones, Daniel, |
| Dates associated with a name | 1881-1967. |
| 245 14 - TITLE STATEMENT | |
| Title | The pronunciation of English / |
| Statement of responsibility, etc | Daniel Jones, |
| 250 ## - EDITION STATEMENT | |
| Edition statement | 3d ed., entirely rev., enl., and reset |
| 260 ## - PUBLICATION, DISTRIBUTION, ETC. (IMPRINT) | |
| Place of publication, distribution, etc | Cambridge : |
| Name of publisher, distributor, etc | University Press, |
| Date of publication, distribution, etc | 1950 |
| 300 ## - PHYSICAL DESCRIPTION | |
| Pagination | xix, 223 p. : |
| Other physical details | illus., diagrs ; |
| Dimensions | 20 cm |
| 505 0# - FORMATTED CONTENTS NOTE | |
| Formatted contents note | Phonetic theory. - Phonetic texts |
| 650 #0 - SUBJECT ADDED ENTRY--TOPICAL TERM | |
| Topical term or geographic name as entry element | English language |
| General subdivision | Pronunciation |
| 650 #0 - SUBJECT ADDED ENTRY--TOPICAL TERM | |
| Topical term or geographic name as entry element | English language |
| General subdivision | Phonetics |
| 650 #0 - SUBJECT ADDED ENTRY--TOPICAL TERM | |
| Topical term or geographic name as entry element | Phonetics |
| 942 ## - ADDED ENTRY ELEMENTS (KOHA) | |
| Source of classification or shelving scheme | Dewey Decimal Classification |
| Koha item type | Books |
| Source of classification or shelving scheme | Damaged status | Not for loan | Home library | Current library | Shelving location | Date of accession | Total Checkouts | Full call number | Barcode | Date last seen | Copy number | Koha item type |
|---|---|---|---|---|---|---|---|---|---|---|---|---|
| Dewey Decimal Classification | JCC Rouf Library | JCC Rouf Library | General Stacks | 02/03/2018 | 421.5 JOS 1950 | 8723 | 02/03/2018 | C-1 | Books |